000 00641cam a22002171 4500
001 af 48004301
003 DLC
005 20260227110907.0
008 901116s1947 gw 000 0 ger c
010 _aaf 48004301
035 _a(OCoLC)22697287
040 _aBrown Univ. Library
_cRPB
_dRPB
_dDLC
041 1 _ager
_heng
042 _apremarc
050 0 0 _aPR6005.O4
_bT93
100 1 _aConrad, Joseph,
_d1857-1924.
245 1 0 _aTaifun.
_c[Einzig berechtigte Übersetzung aus dem Englischen von Elise Eckert]
260 _aStuttgart,
_bEngelhornverlag
_c[1947]
300 _a124 p.
_c20 cm.
700 1 _aEckert, Elise Ordolff,
_d1853-
_etr.
999 _c5983
_d5983